[Event "DEM U10 2023"]
[Site "Willingen GER"]
[Date "2023.05.31"]
[Round "7"]
[White "Peglau, Paul David"]
[Black "Tarasenko, Nazar"]
[Result "0-1"]
[Termination "normal"]
[Board "1"]
[WhiteElo "1745"]
[BlackElo "1970"]
[WhiteClock "00:11:22"]
[BlackClock "01:02:07"]
[PlyCount "88"]
[WhiteFideId "16290550"]
[BlackFideId "34161430"]
[EventCountry "GER"]
[EventRounds "11"]
[EventType "swiss"]
[EventDate "2023.05.27"]

1. e4 {[%clk 01:15:57]} {[%emt 00:00:03]} c5 {[%clk 01:15:43]} {[%emt
00:00:17]} 2. Nf3 {[%clk 01:16:19]} {[%emt 00:00:08]} d6 {[%clk 01:16:07]}
{[%emt 00:00:06]} 3. Nc3 {[%clk 01:16:38]} {[%emt 00:00:12]} a6 {[%clk
01:15:27]} {[%emt 00:01:10]} 4. d4 {[%clk 01:17:00]} {[%emt 00:00:09]} cxd4
{[%clk 01:15:52]} {[%emt 00:00:04]} 5. Qxd4 {[%clk 01:17:21]} {[%emt 00:00:09]}
Nc6 {[%clk 01:14:58]} {[%emt 00:01:24]} 6. Qe3 {[%clk 01:17:41]} {[%emt
00:00:10]} e6 {[%clk 01:12:10]} {[%emt 00:03:17]} 7. b3 {[%clk 01:14:50]}
{[%emt 00:03:21]} Nf6 {[%clk 01:11:12]} {[%emt 00:01:29]} 8. Bb2 {[%clk
01:14:39]} {[%emt 00:00:40]} Be7 {[%clk 01:11:18]} {[%emt 00:00:24]} 9. O-O-O
{[%clk 01:13:43]} {[%emt 00:01:26]} Qc7 {[%clk 01:10:10]} {[%emt 00:01:39]} 10.
Kb1 {[%clk 01:11:34]} {[%emt 00:02:38]} b5 {[%clk 01:09:01]} {[%emt 00:01:39]}
11. Nd4 {[%clk 01:04:43]} {[%emt 00:07:21]} Nxd4 {[%clk 01:06:17]} {[%emt
00:03:14]} 12. Qxd4 {[%clk 01:03:07]} {[%emt 00:02:06]} Bb7 {[%clk 01:06:36]}
{[%emt 00:00:12]} 13. f3 {[%clk 01:00:47]} {[%emt 00:02:50]} Rc8 {[%clk
01:05:39]} {[%emt 00:01:27]} 14. Bd3 {[%clk 00:56:00]} {[%emt 00:05:17]} Nh5
{[%clk 01:04:24]} {[%emt 00:01:44]} 15. Qe3 {[%clk 00:50:05]} {[%emt 00:06:25]}
Bf6 {[%clk 01:04:36]} {[%emt 00:00:18]} 16. Ne2 {[%clk 00:49:40]} {[%emt
00:00:55]} Bxb2 {[%clk 01:03:36]} {[%emt 00:01:29]} 17. Kxb2 {[%clk 00:50:02]}
{[%emt 00:00:09]} Qc5 {[%clk 01:03:52]} {[%emt 00:00:13]} 18. Qxc5 {[%clk
00:49:07]} {[%emt 00:01:26]} dxc5 {[%clk 01:04:12]} {[%emt 00:00:10]} 19. c4
{[%clk 00:48:10]} {[%emt 00:01:27]} b4 {[%clk 01:04:30]} {[%emt 00:00:12]} 20.
Bc2 {[%clk 00:47:29]} {[%emt 00:01:12]} e5 {[%clk 01:04:11]} {[%emt 00:00:48]}
21. Rd2 {[%clk 00:45:59]} {[%emt 00:02:00]} Ke7 {[%clk 01:03:47]} {[%emt
00:00:53]} 22. Rhd1 {[%clk 00:45:14]} {[%emt 00:01:15]} Rc7 {[%clk 01:04:03]}
{[%emt 00:00:15]} 23. Ng3 {[%clk 00:40:16]} {[%emt 00:05:28]} Nxg3 {[%clk
01:01:56]} {[%emt 00:02:37]} 24. hxg3 {[%clk 00:40:45]} {[%emt 00:00:02]} g5
{[%clk 01:02:11]} {[%emt 00:00:15]} 25. g4 {[%clk 00:37:36]} {[%emt 00:03:39]}
h5 {[%clk 01:01:41]} {[%emt 00:00:59]} 26. Rh1 {[%clk 00:37:28]} {[%emt
00:00:38]} h4 {[%clk 01:02:03]} {[%emt 00:00:08]} 27. g3 {[%clk 00:35:10]}
{[%emt 00:02:49]} Rc6 {[%clk 01:02:23]} {[%emt 00:00:10]} 28. Rd5 {[%clk
00:30:41]} {[%emt 00:04:58]} Re6 {[%clk 00:59:56]} {[%emt 00:02:57]} 29. Rd2
{[%clk 00:24:35]} {[%emt 00:06:36]} Rf6 {[%clk 01:00:12]} {[%emt 00:00:15]} 30.
Bd1 {[%clk 00:22:17]} {[%emt 00:02:48]} Rd6 {[%clk 00:59:38]} {[%emt 00:01:03]}
31. Rxd6 {[%clk 00:19:36]} {[%emt 00:03:12]} Kxd6 {[%clk 00:58:25]} {[%emt
00:01:42]} 32. gxh4 {[%clk 00:19:37]} {[%emt 00:00:29]} Rxh4 {[%clk 00:58:49]}
{[%emt 00:00:06]} 33. Rxh4 {[%clk 00:16:20]} {[%emt 00:03:47]} gxh4 {[%clk
00:59:10]} {[%emt 00:00:10]} 34. Be2 {[%clk 00:16:37]} {[%emt 00:00:13]} Ke7
{[%clk 00:59:35]} {[%emt 00:00:04]} 35. Kc1 {[%clk 00:16:26]} {[%emt 00:00:39]}
Kf6 {[%clk 00:59:39]} {[%emt 00:00:29]} 36. Kd2 {[%clk 00:16:50]} {[%emt
00:00:07]} Kg5 {[%clk 01:00:03]} {[%emt 00:00:05]} 37. Ke3 {[%clk 00:17:14]}
{[%emt 00:00:06]} h3 {[%clk 00:59:50]} {[%emt 00:00:43]} 38. Bf1 {[%clk
00:17:12]} {[%emt 00:00:31]} Kh4 {[%clk 01:00:09]} {[%emt 00:00:11]} 39. Kf2
{[%clk 00:16:57]} {[%emt 00:00:45]} a5 {[%clk 01:00:30]} {[%emt 00:00:10]} 40.
Bd3 {[%clk 00:11:50]} {[%emt 00:05:37]} h2 {[%clk 01:00:32]} {[%emt 00:00:27]}
41. Kg2 {[%clk 00:12:15]} {[%emt 00:00:05]} h1=Q+ {[%clk 01:00:55]} {[%emt
00:00:07]} 42. Kxh1 {[%clk 00:12:38]} {[%emt 00:00:08]} Kg3 {[%clk 01:01:17]}
{[%emt 00:00:07]} 43. Be2 {[%clk 00:11:52]} {[%emt 00:01:17]} Kf2 {[%clk
01:01:42]} {[%emt 00:00:05]} 44. Bd1 {[%clk 00:11:22]} {[%emt 00:01:00]} Ke1
{[%clk 01:02:07]} {[%emt 00:00:04]} 0-1

[Event "DEM U10 2023"]
[Site "Willingen GER"]
[Date "2023.05.31"]
[Round "7"]
[White "Gersemann, Karl"]
[Black "Fadeev, Justin Michael"]
[Result "1-0"]
[Termination "normal"]
[Board "2"]
[WhiteElo "1751"]
[BlackElo "1470"]
[WhiteClock "00:29:28"]
[BlackClock "00:15:22"]
[PlyCount "83"]
[WhiteFideId "34602186"]
[BlackFideId "34602968"]
[EventCountry "GER"]
[EventRounds "11"]
[EventType "swiss"]
[EventDate "2023.05.27"]

1. e4 {[%clk 01:15:53]} {[%emt 00:00:07]} c5 {[%clk 01:15:57]} {[%emt
00:00:03]} 2. Nf3 {[%clk 01:16:08]} {[%emt 00:00:14]} Nc6 {[%clk 01:16:24]}
{[%emt 00:00:04]} 3. d4 {[%clk 01:16:12]} {[%emt 00:00:26]} cxd4 {[%clk
01:16:50]} {[%emt 00:00:04]} 4. Nxd4 {[%clk 01:16:35]} {[%emt 00:00:06]} g6
{[%clk 01:17:17]} {[%emt 00:00:04]} 5. Nxc6 {[%clk 01:16:14]} {[%emt 00:00:52]}
bxc6 {[%clk 01:17:40]} {[%emt 00:00:07]} 6. Qd4 {[%clk 01:16:22]} {[%emt
00:00:20]} Nf6 {[%clk 01:17:52]} {[%emt 00:00:19]} 7. e5 {[%clk 01:16:35]}
{[%emt 00:00:17]} Nd5 {[%clk 01:17:25]} {[%emt 00:00:57]} 8. Nc3 {[%clk
01:16:30]} {[%emt 00:00:34]} Nxc3 {[%clk 01:17:02]} {[%emt 00:00:54]} 9. e6
{[%clk 01:16:18]} {[%emt 00:00:42]} f6 {[%clk 01:05:27]} {[%emt 00:12:04]} 10.
exd7+ {[%clk 01:12:30]} {[%emt 00:04:18]} Bxd7 {[%clk 01:03:52]} {[%emt
00:02:05]} 11. Qxc3 {[%clk 01:12:15]} {[%emt 00:00:46]} Bg7 {[%clk 01:03:04]}
{[%emt 00:01:18]} 12. Bc4 {[%clk 01:11:30]} {[%emt 00:01:14]} e6 {[%clk
00:59:01]} {[%emt 00:04:34]} 13. Bf4 {[%clk 01:10:30]} {[%emt 00:01:29]} Qe7
{[%clk 00:47:04]} {[%emt 00:12:28]} 14. O-O-O {[%clk 01:08:29]} {[%emt
00:02:31]} e5 {[%clk 00:47:22]} {[%emt 00:00:11]} 15. Be3 {[%clk 01:08:48]}
{[%emt 00:00:11]} Be6 {[%clk 00:40:56]} {[%emt 00:06:56]} 16. Bb3 {[%clk
01:06:29]} {[%emt 00:02:49]} Rc8 {[%clk 00:37:36]} {[%emt 00:03:50]} 17. Bc5
{[%clk 01:02:52]} {[%emt 00:04:07]} Qf7 {[%clk 00:37:59]} {[%emt 00:00:07]} 18.
Rd6 {[%clk 00:59:34]} {[%emt 00:03:48]} Bxb3 {[%clk 00:32:53]} {[%emt
00:05:36]} 19. axb3 {[%clk 00:59:45]} {[%emt 00:00:18]} O-O {[%clk 00:22:05]}
{[%emt 00:11:20]} 20. Rhd1 {[%clk 00:57:15]} {[%emt 00:03:00]} Rc7 {[%clk
00:21:50]} {[%emt 00:00:45]} 21. Rd8 {[%clk 00:55:23]} {[%emt 00:02:22]} Re8
{[%clk 00:21:33]} {[%emt 00:00:47]} 22. Qa5 {[%clk 00:54:09]} {[%emt 00:01:43]}
Rc8 {[%clk 00:19:17]} {[%emt 00:02:47]} 23. R8d7 {[%clk 00:51:53]} {[%emt
00:02:46]} Qe6 {[%clk 00:19:39]} {[%emt 00:00:08]} 24. Rxa7 {[%clk 00:44:04]}
{[%emt 00:08:19]} Kh8 {[%clk 00:16:43]} {[%emt 00:03:26]} 25. Rdd7 {[%clk
00:42:15]} {[%emt 00:02:19]} Rg8 {[%clk 00:16:56]} {[%emt 00:00:17]} 26. Qa6
{[%clk 00:37:28]} {[%emt 00:05:16]} Rcd8 {[%clk 00:11:29]} {[%emt 00:05:57]}
27. Rxd8 {[%clk 00:34:18]} {[%emt 00:03:40]} Rxd8 {[%clk 00:11:54]} {[%emt
00:00:05]} 28. Ra8 {[%clk 00:32:43]} {[%emt 00:02:05]} Re8 {[%clk 00:10:46]}
{[%emt 00:01:38]} 29. Qc4 {[%clk 00:28:19]} {[%emt 00:04:54]} Qd7 {[%clk
00:07:21]} {[%emt 00:03:56]} 30. Qd3 {[%clk 00:26:30]} {[%emt 00:02:18]} Qf7
{[%clk 00:05:52]} {[%emt 00:02:00]} 31. Ra7 {[%clk 00:25:21]} {[%emt 00:01:38]}
Qg8 {[%clk 00:03:44]} {[%emt 00:02:38]} 32. Qc4 {[%clk 00:23:23]} {[%emt
00:02:29]} Re6 {[%clk 00:04:02]} {[%emt 00:00:12]} 33. Qa6 {[%clk 00:22:12]}
{[%emt 00:01:39]} f5 {[%clk 00:03:50]} {[%emt 00:00:45]} 34. Rc7 {[%clk
00:20:17]} {[%emt 00:02:24]} Re8 {[%clk 00:02:30]} {[%emt 00:01:50]} 35. Qxc6
{[%clk 00:18:18]} {[%emt 00:02:29]} Ra8 {[%clk 00:01:09]} {[%emt 00:01:50]} 36.
Ba3 {[%clk 00:16:08]} {[%emt 00:02:40]} Bh6+ {[%clk 00:01:29]} {[%emt
00:00:11]} 37. Kb1 {[%clk 00:15:51]} {[%emt 00:00:45]} Rd8 {[%clk 00:01:33]}
{[%emt 00:00:28]} 38. Be7 {[%clk 00:13:01]} {[%emt 00:03:20]} Rd1+ {[%clk
00:01:42]} {[%emt 00:00:21]} 39. Ka2 {[%clk 00:13:24]} {[%emt 00:00:06]} Bg7
{[%clk 00:00:34]} {[%emt 00:01:39]} 40. Rc8 {[%clk 00:13:44]} {[%emt 00:00:09]}
e4 {[%clk 00:00:51]} {[%emt 00:00:13]} 41. Rxg8+ {[%clk 00:14:05]} {[%emt
00:00:09]} Kxg8 {[%clk 00:15:22]} {[%emt 00:00:59]} 42. Qe8+ {[%clk 00:29:28]}
{[%emt 00:00:07]} 1-0

[Event "DEM U10 2023"]
[Site "Willingen GER"]
[Date "2023.05.31"]
[Round "7"]
[White "Andersen, Jonathan"]
[Black "Sheng, Ming"]
[Result "0-1"]
[Termination "normal"]
[Board "3"]
[WhiteElo "1494"]
[BlackElo "1675"]
[WhiteClock "01:05:37"]
[BlackClock "00:40:40"]
[PlyCount "148"]
[WhiteFideId "34623884"]
[BlackFideId "34605258"]
[EventCountry "GER"]
[EventRounds "11"]
[EventType "swiss"]
[EventDate "2023.05.27"]

1. e4 {[%clk 01:15:59]} {[%emt 00:06:09]} c6 {[%clk 01:15:56]} {[%emt
00:00:05]} 2. d4 {[%clk 01:16:25]} {[%emt 00:00:03]} d5 {[%clk 01:16:22]}
{[%emt 00:00:04]} 3. exd5 {[%clk 01:16:51]} cxd5 {[%clk 01:16:52]} 4. Bd3
{[%clk 01:16:51]} Nc6 {[%clk 01:17:18]} {[%emt 00:00:19]} 5. c3 {[%clk
01:17:35]} {[%emt 00:00:06]} Nf6 {[%clk 01:17:45]} {[%emt 00:00:03]} 6. Bf4
{[%clk 01:17:46]} {[%emt 00:00:18]} Bg4 {[%clk 01:18:08]} {[%emt 00:00:07]} 7.
Qb3 {[%clk 01:18:11]} {[%emt 00:00:06]} Qd7 {[%clk 01:18:31]} {[%emt 00:00:07]}
8. Nd2 {[%clk 01:18:26]} {[%emt 00:00:14]} e6 {[%clk 01:18:54]} {[%emt
00:00:08]} 9. Ngf3 {[%clk 01:18:49]} {[%emt 00:00:06]} Bd6 {[%clk 01:19:01]}
{[%emt 00:00:23]} 10. Ne5 {[%clk 01:18:33]} {[%emt 00:00:46]} Qc7 {[%clk
01:19:03]} {[%emt 00:00:28]} 11. O-O {[%clk 01:16:38]} {[%emt 00:02:25]} O-O
{[%clk 01:18:31]} {[%emt 00:01:02]} 12. Rfe1 {[%clk 01:16:21]} {[%emt
00:00:47]} Nd7 {[%clk 01:17:46]} {[%emt 00:01:15]} 13. Nxd7 {[%clk 01:15:40]}
{[%emt 00:01:11]} Qxd7 {[%clk 01:18:02]} {[%emt 00:00:14]} 14. Bxd6 {[%clk
01:15:59]} {[%emt 00:00:11]} Qxd6 {[%clk 01:18:27]} {[%emt 00:00:06]} 15. Qc2
{[%clk 01:16:07]} {[%emt 00:00:21]} g6 {[%clk 01:16:24]} {[%emt 00:02:33]} 16.
h3 {[%clk 01:16:23]} {[%emt 00:00:14]} Bf5 {[%clk 01:16:44]} {[%emt 00:00:10]}
17. Bxf5 {[%clk 01:16:43]} {[%emt 00:00:10]} gxf5 {[%clk 01:16:11]} {[%emt
00:01:04]} 18. Nf3 {[%clk 01:16:29]} {[%emt 00:00:43]} Kh8 {[%clk 01:14:44]}
{[%emt 00:01:57]} 19. Qd2 {[%clk 01:16:37]} {[%emt 00:00:23]} Rg8 {[%clk
01:13:27]} {[%emt 00:01:45]} 20. Qh6 {[%clk 01:16:19]} {[%emt 00:00:48]} Rg7
{[%clk 01:12:01]} {[%emt 00:01:57]} 21. Re2 {[%clk 01:13:05]} {[%emt 00:03:44]}
Rag8 {[%clk 01:11:55]} {[%emt 00:00:35]} 22. Nh4 {[%clk 01:12:33]} {[%emt
00:01:02]} Ne7 {[%clk 01:10:20]} {[%emt 00:02:06]} 23. f4 {[%clk 01:11:56]}
{[%emt 00:01:08]} Ng6 {[%clk 01:09:41]} {[%emt 00:01:09]} 24. Nxg6+ {[%clk
01:12:18]} {[%emt 00:00:08]} Rxg6 {[%clk 01:10:07]} {[%emt 00:00:04]} 25. Qh4
{[%clk 01:12:37]} {[%emt 00:00:08]} Qf8 {[%clk 01:10:05]} {[%emt 00:00:33]} 26.
Rd1 {[%clk 01:12:24]} {[%emt 00:00:44]} Rh6 {[%clk 01:09:35]} {[%emt 00:01:00]}
27. Qf2 {[%clk 01:11:37]} {[%emt 00:01:17]} Rxh3 {[%clk 01:09:48]} {[%emt
00:00:17]} 28. Re3 {[%clk 01:11:24]} {[%emt 00:00:44]} Qh6 {[%clk 01:07:43]}
{[%emt 00:02:34]} 29. Rxh3 {[%clk 01:11:09]} {[%emt 00:00:44]} Qxh3 {[%clk
01:07:41]} {[%emt 00:00:33]} 30. Qe2 {[%clk 01:10:33]} {[%emt 00:01:06]} Qg4
{[%clk 01:06:43]} {[%emt 00:01:26]} 31. Qe5+ {[%clk 01:10:24]} {[%emt
00:00:41]} Qg7 {[%clk 01:07:05]} {[%emt 00:00:08]} 32. Qxg7+ {[%clk 01:10:37]}
{[%emt 00:00:16]} Kxg7 {[%clk 01:06:45]} {[%emt 00:00:51]} 33. Rc1 {[%clk
01:10:42]} {[%emt 00:00:25]} Rc8 {[%clk 01:07:01]} {[%emt 00:00:14]} 34. Kf2
{[%clk 01:11:05]} {[%emt 00:00:06]} h5 {[%clk 01:06:21]} {[%emt 00:01:10]} 35.
Rh1 {[%clk 01:10:44]} {[%emt 00:00:52]} Kg6 {[%clk 01:06:45]} {[%emt 00:00:07]}
36. Rh3 {[%clk 01:10:48]} {[%emt 00:00:25]} Rh8 {[%clk 01:01:24]} {[%emt
00:05:46]} 37. Kf3 {[%clk 01:10:45]} {[%emt 00:00:38]} Rc8 {[%clk 00:59:30]}
{[%emt 00:02:18]} 38. Rg3+ {[%clk 01:10:54]} {[%emt 00:00:27]} Kf6 {[%clk
00:56:59]} {[%emt 00:03:00]} 39. Rg5 {[%clk 01:09:43]} {[%emt 00:01:40]} Rc6
{[%emt 00:04:45]} 40. Ke2 {[%clk 01:07:44]} {[%emt 00:00:26]} Ra6 {[%clk
00:54:21]} {[%emt 00:00:57]} 41. a3 {[%clk 01:06:39]} {[%emt 00:01:36]} Rb6
{[%clk 00:53:34]} {[%emt 00:01:17]} 42. b4 {[%clk 01:07:05]} {[%emt 00:00:04]}
Ra6 {[%clk 00:53:58]} {[%emt 00:00:06]} 43. Rxh5 {[%clk 01:07:28]} {[%emt
00:00:07]} Rxa3 {[%clk 00:54:16]} {[%emt 00:00:12]} 44. Kd3 {[%clk 01:07:49]}
{[%emt 00:00:08]} a5 {[%clk 00:51:01]} {[%emt 00:03:47]} 45. bxa5 {[%clk
01:08:08]} {[%emt 00:00:11]} Rxa5 {[%clk 00:51:17]} {[%emt 00:00:14]} 46. Rh1
{[%clk 01:07:04]} {[%emt 00:01:33]} Ra2 {[%clk 00:50:45]} {[%emt 00:01:01]} 47.
Rg1 {[%clk 01:06:43]} {[%emt 00:00:52]} Rb2 {[%clk 00:49:57]} {[%emt 00:01:17]}
48. g3 {[%clk 01:06:21]} {[%emt 00:00:53]} b5 {[%clk 00:50:01]} {[%emt
00:00:25]} 49. Ke3 {[%clk 01:06:36]} {[%emt 00:00:16]} Rb3 {[%clk 00:49:40]}
{[%emt 00:00:50]} 50. Kd2 {[%clk 01:06:52]} {[%emt 00:00:15]} b4 {[%clk
00:49:36]} {[%emt 00:00:33]} 51. cxb4 {[%clk 01:07:10]} {[%emt 00:00:12]} Rxb4
{[%clk 00:50:02]} {[%emt 00:00:05]} 52. Kc3 {[%clk 01:07:30]} {[%emt 00:00:09]}
Rc4+ {[%clk 00:50:18]} {[%emt 00:00:13]} 53. Kd3 {[%clk 01:07:56]} {[%emt
00:00:06]} Ra4 {[%clk 00:50:28]} {[%emt 00:00:20]} 54. Kc3 {[%clk 01:07:13]}
{[%emt 00:01:13]} Ra3+ {[%clk 00:49:36]} {[%emt 00:01:22]} 55. Kb4 {[%clk
01:07:24]} {[%emt 00:00:19]} Rd3 {[%clk 00:49:58]} {[%emt 00:00:09]} 56. Kc5
{[%clk 01:07:47]} {[%emt 00:00:06]} Rc3+ {[%clk 00:50:27]} {[%emt 00:00:02]}
57. Kd6 {[%clk 01:08:05]} {[%emt 00:00:11]} Rd3 {[%clk 00:50:22]} {[%emt
00:00:35]} 58. Kc5 {[%clk 01:08:24]} {[%emt 00:00:11]} Ke7 {[%clk 00:49:44]}
{[%emt 00:01:07]} 59. g4 {[%clk 01:07:52]} {[%emt 00:01:03]} Rc3+ {[%clk
00:48:07]} {[%emt 00:02:06]} 60. Kb5 {[%clk 01:06:21]} {[%emt 00:02:02]} fxg4
{[%clk 00:47:53]} {[%emt 00:00:44]} 61. Rxg4 {[%clk 01:06:26]} {[%emt
00:00:20]} f5 {[%clk 00:45:25]} {[%emt 00:03:02]} 62. Rg7+ {[%clk 01:06:01]}
{[%emt 00:00:55]} Kf6 {[%clk 00:45:28]} {[%emt 00:00:27]} 63. Rh7 {[%clk
01:04:59]} {[%emt 00:01:32]} Rc4 {[%clk 00:45:03]} {[%emt 00:00:54]} 64. Rh4
{[%clk 01:05:02]} {[%emt 00:00:27]} Rxd4 {[%clk 00:45:21]} {[%emt 00:00:13]}
65. Kc5 {[%clk 01:05:22]} {[%emt 00:00:10]} Re4 {[%clk 00:45:07]} {[%emt
00:00:42]} 66. Kb5 {[%clk 01:03:19]} {[%emt 00:02:35]} e5 {[%clk 00:41:06]}
{[%emt 00:04:31]} 67. fxe5+ {[%clk 01:03:38]} {[%emt 00:00:11]} Kxe5 {[%clk
00:41:16]} {[%emt 00:00:21]} 68. Rh1 {[%clk 01:03:56]} {[%emt 00:00:11]} f4
{[%clk 00:41:01]} {[%emt 00:00:45]} 69. Rh5 {[%clk 01:04:20]} {[%emt 00:00:07]}
Kd4 {[%clk 00:40:34]} {[%emt 00:00:56]} 70. Kb4 {[%clk 01:04:44]} {[%emt
00:00:06]} Ke3+ {[%clk 00:40:06]} {[%emt 00:00:58]} 71. Kc3 {[%clk 01:05:04]}
{[%emt 00:00:10]} d4+ {[%clk 00:40:23]} {[%emt 00:00:13]} 72. Kc2 {[%clk
01:05:20]} {[%emt 00:00:15]} d3+ {[%clk 00:40:32]} {[%emt 00:00:21]} 73. Kd1
{[%clk 01:05:45]} {[%emt 00:00:05]} f3 {[%clk 00:40:37]} {[%emt 00:00:25]} 74.
Rf5 {[%clk 01:05:37]} {[%emt 00:00:38]} f2 {[%clk 00:40:40]} {[%emt 00:00:27]}
0-1

[Event "DEM U10 2023"]
[Site "Willingen GER"]
[Date "2023.05.31"]
[Round "7"]
[White "Belin, Anton"]
[Black "Steinbrenner, Peter"]
[Result "0-1"]
[Termination "normal"]
[Board "4"]
[WhiteElo "1662"]
[BlackElo "1601"]
[WhiteClock "01:12:49"]
[BlackClock "00:05:22"]
[PlyCount "102"]
[WhiteFideId "34610952"]
[BlackFideId "34645535"]
[EventCountry "GER"]
[EventRounds "11"]
[EventType "swiss"]
[EventDate "2023.05.27"]

1. e4 {[%clk 01:15:58]} {[%emt 00:00:01]} c5 {[%clk 01:15:53]} {[%emt
00:00:07]} 2. Nc3 {[%clk 01:16:25]} {[%emt 00:00:02]} a6 {[%clk 01:16:14]}
{[%emt 00:00:09]} 3. g3 {[%clk 01:16:31]} {[%emt 00:00:25]} e6 {[%clk
01:14:51]} {[%emt 00:01:54]} 4. Bg2 {[%clk 01:16:38]} {[%emt 00:00:22]} Nc6
{[%clk 01:14:47]} {[%emt 00:00:34]} 5. d3 {[%clk 01:16:32]} {[%emt 00:00:36]}
Nf6 {[%clk 01:11:18]} {[%emt 00:03:59]} 6. Bg5 {[%clk 01:16:18]} {[%emt
00:00:43]} Be7 {[%clk 01:10:29]} {[%emt 00:01:19]} 7. f4 {[%clk 01:16:06]}
{[%emt 00:00:43]} d6 {[%clk 01:02:59]} {[%emt 00:08:00]} 8. Nge2 {[%clk
01:15:53]} {[%emt 00:00:43]} h6 {[%clk 00:51:02]} {[%emt 00:12:27]} 9. Bxf6
{[%clk 01:15:59]} {[%emt 00:00:22]} Bxf6 {[%clk 00:50:04]} {[%emt 00:01:30]}
10. O-O {[%clk 01:14:56]} {[%emt 00:01:31]} h5 {[%clk 00:32:34]} {[%emt
00:18:02]} 11. Qe1 {[%clk 01:12:56]} {[%emt 00:02:29]} h4 {[%clk 00:22:59]}
{[%emt 00:10:07]} 12. g4 {[%clk 01:13:12]} {[%emt 00:00:13]} h3 {[%clk
00:19:56]} {[%emt 00:03:33]} 13. Bf3 {[%clk 01:13:34]} {[%emt 00:00:07]} Nd4
{[%clk 00:18:56]} {[%emt 00:01:32]} 14. Nxd4 {[%clk 01:13:24]} {[%emt
00:00:39]} Bxd4+ {[%clk 00:17:29]} {[%emt 00:01:58]} 15. Kh1 {[%clk 01:13:45]}
{[%emt 00:00:09]} Bd7 {[%clk 00:04:17]} {[%emt 00:13:42]} 16. Nd1 {[%clk
01:12:05]} {[%emt 00:02:09]} Bf6 {[%clk 00:03:40]} {[%emt 00:01:05]} 17. c3
{[%clk 01:10:27]} {[%emt 00:02:11]} Bb5 {[%clk 00:02:51]} {[%emt 00:01:13]} 18.
c4 {[%clk 01:10:03]} {[%emt 00:00:59]} Ba4 {[%clk 00:02:23]} {[%emt 00:00:59]}
19. Nc3 {[%clk 01:09:59]} {[%emt 00:00:33]} Bc6 {[%clk 00:02:18]} {[%emt
00:00:30]} 20. e5 {[%clk 01:09:12]} {[%emt 00:01:22]} Bxf3+ {[%clk 00:02:17]}
{[%emt 00:00:32]} 21. Rxf3 {[%clk 01:09:30]} {[%emt 00:00:11]} Be7 {[%clk
00:01:36]} {[%emt 00:01:11]} 22. Qe4 {[%clk 01:09:25]} {[%emt 00:00:34]} Qc7
{[%clk 00:01:05]} {[%emt 00:01:02]} 23. exd6 {[%clk 01:08:51]} {[%emt
00:01:04]} Bxd6 {[%clk 00:00:48]} {[%emt 00:00:47]} 24. f5 {[%clk 01:08:38]}
{[%emt 00:00:43]} O-O-O {[%clk 00:00:41]} {[%emt 00:00:37]} 25. fxe6 {[%clk
01:08:50]} {[%emt 00:00:18]} fxe6 {[%clk 00:00:47]} {[%emt 00:00:24]} 26. Qxe6+
{[%clk 01:09:08]} {[%emt 00:00:12]} Kb8 {[%clk 00:00:58]} {[%emt 00:00:31]} 27.
Nd5 {[%clk 01:09:05]} {[%emt 00:00:32]} Qc6 {[%clk 00:01:06]} {[%emt 00:00:21]}
28. Raf1 {[%clk 01:09:02]} {[%emt 00:00:33]} Rhe8 {[%clk 00:01:00]} {[%emt
00:00:34]} 29. Qg6 {[%clk 01:08:43]} {[%emt 00:00:51]} Re2 {[%clk 00:01:05]}
{[%emt 00:00:27]} 30. R3f2 {[%clk 01:08:21]} {[%emt 00:00:50]} Rxf2 {[%clk
00:01:14]} {[%emt 00:00:22]} 31. Rxf2 {[%clk 01:08:40]} {[%emt 00:00:10]} Re8
{[%clk 00:01:32]} {[%emt 00:00:12]} 32. Qf5 {[%clk 01:08:21]} {[%emt 00:00:49]}
Re1+ {[%clk 00:01:47]} {[%emt 00:00:16]} 33. Rf1 {[%clk 01:08:45]} {[%emt
00:00:06]} Qe8 {[%clk 00:01:15]} {[%emt 00:01:00]} 34. Qf3 {[%clk 01:08:18]}
{[%emt 00:00:59]} Qe5 {[%clk 00:01:11]} {[%emt 00:00:30]} 35. Nf4 {[%clk
01:08:10]} {[%emt 00:00:42]} Rxf1+ {[%clk 00:01:32]} {[%emt 00:00:09]} 36. Qxf1
{[%clk 01:08:34]} {[%emt 00:00:05]} Qxf4 {[%clk 00:01:56]} {[%emt 00:00:07]}
37. Qxh3 {[%clk 01:08:28]} {[%emt 00:00:35]} Qc1+ {[%clk 00:02:07]} {[%emt
00:00:19]} 38. Kg2 {[%clk 01:08:49]} {[%emt 00:00:09]} Qxb2+ {[%clk 00:02:35]}
{[%emt 00:00:03]} 39. Kf3 {[%clk 01:09:09]} {[%emt 00:00:10]} Qxh2 {[%clk
00:02:43]} {[%emt 00:00:22]} 40. Qxh2 {[%clk 01:09:32]} {[%emt 00:00:06]} Bxh2
{[%clk 00:03:09]} {[%emt 00:00:05]} 41. Ke4 {[%clk 01:09:56]} {[%emt 00:00:05]}
Kc7 {[%clk 00:03:06]} {[%emt 00:00:32]} 42. Kd5 {[%clk 01:10:16]} {[%emt
00:00:12]} b6 {[%clk 00:02:55]} {[%emt 00:00:41]} 43. a4 {[%clk 01:10:28]}
{[%emt 00:00:18]} Bg1 {[%clk 00:03:16]} {[%emt 00:00:09]} 44. g5 {[%clk
01:10:48]} {[%emt 00:00:10]} Bd4 {[%clk 00:03:36]} {[%emt 00:00:10]} 45. Ke6
{[%clk 01:10:56]} {[%emt 00:00:22]} Kc6 {[%clk 00:03:44]} {[%emt 00:00:22]} 46.
g6 {[%clk 01:11:23]} {[%emt 00:00:02]} b5 {[%clk 00:03:34]} {[%emt 00:00:40]}
47. axb5+ {[%clk 01:11:17]} {[%emt 00:00:37]} axb5 {[%clk 00:03:54]} {[%emt
00:00:10]} 48. cxb5+ {[%clk 01:11:40]} {[%emt 00:00:08]} Kxb5 {[%clk 00:04:16]}
{[%emt 00:00:08]} 49. Kd6 {[%clk 01:12:04]} {[%emt 00:00:04]} Kb4 {[%clk
00:04:36]} {[%emt 00:00:10]} 50. Kd5 {[%clk 01:12:26]} {[%emt 00:00:09]} Kc3
{[%clk 00:04:59]} {[%emt 00:00:07]} 51. Ke4 {[%clk 01:12:49]} {[%emt 00:00:07]}
Kd2 {[%clk 00:05:22]} {[%emt 00:00:08]} 0-1